ბათუმის შოთა რუსთაველის სახელმწიფო უნივერსიტეტის ბიბლიოთეკა

საქართველოს მცენარეული საფარის ისტორია=History of the vegetation of Georgia. (ბიბ.ჩანაწერი № 44325)

000 -LEADER
fixed length control field 01055nam a2200229Ia 4500
001 - CONTROL NUMBER
control field 11084
003 - CONTROL NUMBER IDENTIFIER
control field GE_BSU
008 - FIXED-LENGTH DATA ELEMENTS--GENERAL INFORMATION
fixed length control field 181216s||||||||xx |||||||||||||| ||und||
020 ## - INTERNATIONAL STANDARD BOOK NUMBER
International Standard Book Number 9992802820
040 ## - CATALOGING SOURCE
Transcribing agency GE_BSU
080 ## - UNIVERSAL DECIMAL CLASSIFICATION NUMBER
Universal Decimal Classification number 581.9(479.22)(09)
100 ## - MAIN ENTRY--PERSONAL NAME
Personal name ქვაჩაკიძე,რევაზ=KVACHAKIDZE,REVAZ
245 ## - TITLE STATEMENT
Title საქართველოს მცენარეული საფარის ისტორია=History of the vegetation of Georgia.
245 ## - TITLE STATEMENT
Statement of responsibility, etc. სამეც.რედ.კახა იაშაღაშვილი.
260 ## - PUBLICATION, DISTRIBUTION, ETC.
Place of publication, distribution, etc. თბილისი.
260 ## - PUBLICATION, DISTRIBUTION, ETC.
Name of publisher, distributor, etc. მეცნიერება.
260 ## - PUBLICATION, DISTRIBUTION, ETC.
Date of publication, distribution, etc. 2002.
300 ## - PHYSICAL DESCRIPTION
Extent 44გვ;20სმ.
520 ## - SUMMARY, ETC.
Summary, etc. წიგნი მომზადებულია საქ.მეცნ.აკად.ნ.კეცხოველის სახ. ინტ-ში.
653 ## - INDEX TERM--UNCONTROLLED
Uncontrolled term საქართველოს მცენარეული საფარის ისტორია=History of the vegetation of Georgia.
942 ## - ADDED ENTRY ELEMENTS (KOHA)
Koha item type წიგნი
ეგზემპლარები
Withdrawn status Lost status Damaged status Not for loan Date acquired Barcode Date last seen Price effective from Koha item type
        2018-12-17 19324 2018-12-17 2018-12-17 წიგნი